Communicative perspectives on teaching of english / (Record no. 123724)

MARC details
000 -LEADER
fixed length control field 00731nam a22002297a 4500
005 - DATE AND TIME OF LATEST TRANSACTION
control field 20170124105929.0
010 ## - LIBRARY OF CONGRESS CONTROL NUMBER
LC control number B-226192
020 ## - INTERNATIONAL STANDARD BOOK NUMBER
Terms of availability 00.00
International Standard Book Number 8189901168
035 ## - SYSTEM CONTROL NUMBER
System control number B-226192
037 ## - SOURCE OF ACQUISITION
Source of stock number/acquisition Cen Lib/Ret
040 ## - CATALOGING SOURCE
Original cataloging agency DPL
Language of cataloging EN
082 ## - DEWEY DECIMAL CLASSIFICATION NUMBER
Classification number 372.6
100 ## - MAIN ENTRY--PERSONAL NAME
Personal name Mukherjee,Shankar
9 (RLIN) 7829
245 ## - TITLE STATEMENT
Title Communicative perspectives on teaching of english /
Statement of responsibility, etc by Shankar Mukherjee
260 ## - PUBLICATION, DISTRIBUTION, ETC. (IMPRINT)
Place of publication, distribution, etc Delhi
Name of publisher, distributor, etc Academic excellence
Date of publication, distribution, etc 2007
270 ## - ADDRESS
Address 12-Ekta apartments Geeta colony
City Delhi
Postal code 110031
300 ## - PHYSICAL DESCRIPTION
Extent xi,179p.
Dimensions 21cm(Hb)
500 ## - GENERAL NOTE
General note Includes bibliographical reference
650 ## - SUBJECT ADDED ENTRY--TOPICAL TERM
Topical term or geographic name as entry element English - teaching
9 (RLIN) 7830
650 ## - SUBJECT ADDED ENTRY--TOPICAL TERM
Topical term or geographic name as entry element English-communicative perspectives
9 (RLIN) 7831
942 ## - ADDED ENTRY ELEMENTS (KOHA)
Source of classification or shelving scheme Dewey Decimal Classification
Koha item type English Books
Classification part 372.6
Call number suffix MUK
Holdings
Withdrawn status Lost status Damaged status Not for loan Home library Current library Date acquired Source of acquisition Cost, normal purchase price Total Checkouts Full call number Barcode Date last seen Copy number Cost, replacement price Price effective from Koha item type
        Central Library Central Library 11/06/2015 Cen Lib/Ret 0.00   372.6 MUK B-226192 11/06/2015 1 0.00 11/06/2015 English Books

© Delhi Public Library
Hit Counter
free hit counter